000 00250nam a22000857a 4500
008 160704b xxu||||| |||| 00| 0 eng d
100 _91916
_a Sarita, et al
245 _aImpact of Curriculum Reform in Education
260 _aNew Delhi
_bIsha Book House
_c2005
999 _c1618
_d1618